00409nam a2200145Ia 4500003000400000005001700004008004100021040001800062041000800080100005600088110002900144245003200173260002000205710003800225OSt20260303110035.0211028s2003 xx 000 0 und d cAIMIT LIBRARY aeng aPinto, Smitha Selma;D Souza, Anil P Prakash.g92182 aD Souza, Anil P Prakash. aBilling automation system / aBangalorec2003 aIBM Global Services India (P) Ltd